| 000 | 00733nam a22001577a 4500 | ||
|---|---|---|---|
| 003 | OSt | ||
| 005 | 20150928105252.0 | ||
| 008 | 150928b xxu||||| |||| 00| 0 eng d | ||
| 040 | _cRUA | ||
| 082 | _aAGR LY 2013 B056 Or.1 | ||
| 100 |
_91479 _aLY TYTY |
||
| 245 | _aComparison of different fertilizer on yard long bean at crop station of royal university of agriculture, (ប្រៀបធៀបជីផ្សេងៗគ្នាលើដំណាំសណ្ដែកកួរ នៅក្នុងស្ថានីយ៍ពិសោធន៍ដំណាំ នៃសាកលវិទ្យាល័យភូមិន្ទកសិកម្ម) | ||
| 260 |
_aphnom penh _bRUA _c2013 |
||
| 300 | _aix, 43p. | ||
| 942 |
_2ddc _cAGR |
||
| 999 |
_c1390 _d1390 |
||